00953 a2200181 4500003000500000005001700005040000900022082001600031100002500047245005800072260004100130300001000171505039700181650003800578942001200616999001900628952012400647Nust20230302094806.0 cNust a327.17, MAN aMandel, Robert91835 aThe Meaning of Military Victory (DNT)cRobert Mandel  aServices Book ClubbRawalpindic2009 a189 p aIntroduction: Military Victory and Strategies Victory (Page-1), Modern Victory in Historical Context (Page-35), morality and Victory (Page-53), Misconceptions surrounding Victory (Page-75), Victory in recent War? (Page-97), Victory Challenges in Contemporary Warfare (Page-115), Special Victory Challenges in Unconventional Wars (Page-131), Conclusion: Managing Strategies Victory (Page-161). aMeaning of Military Victory91836 2ddccBK c217594d217594 00102ddc4070aMCSbMCScGENd2016-12-12o327.17,MANpMCS37369r2016-12-08w2016-12-12yBKzAlmirah No.50, Shelf No.1